000 00393nam a22001697a 4500
003 MPLRDC
005 20220104114547.0
008 210129b ||||| |||| 00| 0 eng d
082 _a855 ZJ
100 _a张洁
245 _a张洁集
_c
250 _a一版一刷
260 _a
_b海峡文艺出版社
_c1986
300 _b
650 _a散文;随笔、日记
942 _cBK
_o855 ZJ
999 _c8426
_d8416